Un meilleur climat de l'investissement pour tous

שמור ב:
מידע ביבליוגרפי
פורמט: ספר
שפה:Undetermined
יצא לאור: Washington La Banque Mondiale 2005
נושאים:
תגים: הוספת תג
אין תגיות, היה/י הראשונ/ה לתייג את הרשומה!
Thư viện lưu trữ: Trung tâm Học liệu Trường Đại học Cần Thơ
LEADER 00429nam a2200157Ia 4500
001 CTU_92194
008 210402s9999 xx 000 0 und d
082 |a 332.6 
082 |b W927 
245 0 |a Un meilleur climat de l'investissement pour tous 
260 |a Washington 
260 |b La Banque Mondiale 
260 |c 2005 
650 |a investments 
904 |i Tuyến 
980 |a Trung tâm Học liệu Trường Đại học Cần Thơ